Responses for Show #100 - Friday, January 25, 1985

100th episode.

Contestants

[<< previous game]

Mary Anne Henderson, a homemaker originally from Dayton, Ohio

Larry Sorrentino, a sports marketing representative from North Hollywood, California

Les Miller, a scrap metal dealer from La Mesa, California

[next game >>]

Jeopardy! Round responses

PRESIDENTS
INSIGNIAS
GAME SHOWS
SPACE
SPORTS TRIVIA
STARTS WITH "OO"
    $100 9
West Point (U.S. Military Academy)

Les
    $100 11
a brand

Triple Stumper
    $100 17
(Alex: [*], says Johnny Olson.)

Come on down!

Les
    $100 2
Venus

Larry
    $100 18
(Larry: Uh, what is, uh, [*] Route, [*] Street?)
(Alex: ... [*] is what we were looking for; we didn't want you to come up with [*] Platz, or anything like that.)
[Laughter]

Jesse Owens

Larry
    $100 13
ooze

Larry
    $200 6
polio

Larry
    $200 12
3

Mary Anne
    $200 19
(Larry: What is The Gong Show?)
...
(Alex: ... Monty Hall's [*]--behind window number one we have Larry who's about to select another category.)

Let's Make a Deal

Larry
Triple Stumper
    $200 3
(Mary Anne: I don't know.)
(Larry: Uh, what was the V-1?)

the V-2

LesLarryMary Anne
    $200 25
[The end-of-round signal sounds.]

Reggie Jackson

Les
    $300 1
San Clemente

Larry
    $300 14
(Les: I don't know.)

the Girl Scouts

LesLarry
    $300 20
(Alex: She's a good friend of mine and would have killed me if you hadn't gotten that.)

Ruta Lee

Larry
    $300 7
[Larry did not include the leading article in his response.]

The War of the Worlds

Larry
    $400 4
(Les: Uh, who was Jackson's mistress, Andrew Jackson?)
(Larry: Uh, who was FDR's wife?)

Woodrow Wilson

LesLarry
Triple Stumper
    $400 15
over one's shoulder (and in through the armpit)

Larry
    $400 21
What's My Line?

Les
    $400 8
the Saturn

Les
    $400 10
Wilt Chamberlain

Larry
    $500 5
Calvin Coolidge

Les
    $500 16
recyclable

Larry
    $500 22
(Alex: We have less than a minute to go in this round.)

Concentration

Les
    $500 24
(Larry: Uh, motion sickness from weightlessness.)

quarantine (isolation)

Larry
Triple Stumper
    $500 23
A.J. Foyt

Larry

Scores at the first commercial break (after clue 10):

Les Larry Mary Anne
$800 $700 -$200

Scores at the end of the Jeopardy! Round:

Les Larry Mary Anne
$1,700 $2,200 $0

Double Jeopardy! Round responses

REVOLUTIONS
FAMOUS QUOTES
BROADWAY
CLASSICAL MUSIC
MEDICINE
LABOR UNIONS
    $200 11
the French Revolution

Les
    $200 17
[Laughter]
(Alex: No editorializing.)

Ronald Reagan

Larry
    $200 1
(Les: Who was Jack Lemmon?)
(Larry: Who was Tony Randall?)
(Mary Anne: Who was Jack Klugman?)
...
(Alex: Jack Lemmon played Felix.)

Walter Matthau

LesLarryMary Anne
Triple Stumper
    $200 6
(Adolphe) Sax

Les
    $200 15
O

Mary Anne
    $200 25
Norma Rae

Larry
    $400 12
the Cultural Revolution

Les
    $400 18
and you weep alone

Mary Anne
    $400 2
The Great White Hope

Mary Anne
    $400 7
slowly

Mary Anne
    $400 16
tonsils

Larry
    $600 13
the American Revolution

Les
    $600 22
Will Rogers

Les
    $600 3
Sugar

Mary Anne
    $600 8
(Les: What is the Old Testament?)
(Alex: Be less specific.)
...
(Alex: ... could come from the New Testament.)

the Bible

Les
    $600 19
teeth

Mary Anne
    $800 14
(Les: What was the Printing Revolution?)

the Industrial Revolution

LesMary Anne
    $1,000 27
(Larry: What is "Paint what you see."?)
(Alex: Oh, no, Mary Anne, I think, knows it, right, Mary Anne?)
(Mary Anne: I think it's what is "Form follows function?")
...
[The end-of-round signal sounds.]

less is more

Larry
    $800 4
Becket

Triple Stumper
    $800 9
(Larry: What is the French horn?)

an oboe

LesLarry
    $800 20
psychosomatic

Mary Anne
    $1,000 24
the Taft-Hartley Act

Les
    $1000 23
(Les: Who was James II?)
...
(Alex: Less than a minute to go in the round.)

Charles I

Les
Triple Stumper
    $1000 26
(Alex: And as a result of that he was promoted to captain, got $7,500 from Congress, received a gold medal and $5,000 in prize money and returned in the next war as the champion.)
[Laughter]

We have met the enemy and they are ours

Triple Stumper
    $1000 5
(Larry: I haven't a clue.)

Shaffer

LesLarry
    $1000 10
(Mary Anne: What is Intermezzo?)

Humoresque

Mary Anne
Triple Stumper
    $1000 21
(Larry: What is a cold?)
(Mary Anne: What is sniffles?)
...
(Alex: Perhaps I influenced you because I mentioned I am coming down with a cold, but I'm not coming down with congelation; that is [*].)

frostbite

LarryMary Anne
Triple Stumper

Scores at the end of the Double Jeopardy! Round:

Les Larry Mary Anne
$5,100 -$1,000 $2,000
(lock game)

[wagering suggestions for these scores]

Final Jeopardy! Round responses

THE WORLD
Mary AnneWhat is Europe?
$1,995
LesWhat is Europe?
$1,000
Europe

Final scores:

Les Larry Mary Anne
$6,100 -$1,000 $3,995
New champion: $6,100 3rd place: Bushnell telescope 2nd place: Speed Queen washer & dryer + Excalibur food dehydrator

Game dynamics:

Coryat scores:

Les Larry Mary Anne
$4,900 $0 $2,000
17 R
(including 1 DD),
5 W
15 R,
9 W
(including 1 DD)
9 R,
4 W

Combined Coryat: $6,900

[game clues] [game scores] [suggest correction]

Game tape date: 1984-10-17
The J! Archive is created by fans, for fans. Scraping, republication, monetization, and malicious use prohibited; this site may use cookies and collect identifying information. See terms. The Jeopardy! game show and all elements thereof, including but not limited to copyright and trademark thereto, are the property of Jeopardy Productions, Inc. and are protected under law. This website is not affiliated with, sponsored by, or operated by Jeopardy Productions, Inc. Join the discussion at JBoard.tv.